Sources of conflict in the 21st century : (Record no. 185563)

000 -LEADER
fixed length control field 01290 a2200289 4500
003 - CONTROL NUMBER IDENTIFIER
control field Nust
005 - DATE AND TIME OF LATEST TRANSACTION
control field 20170207153416.0
010 ## - LIBRARY OF CONGRESS CONTROL NUMBER
LC control number 97041831
020 ## - INTERNATIONAL STANDARD BOOK NUMBER
International Standard Book Number 0585380686 (electronic bk.)
020 ## - INTERNATIONAL STANDARD BOOK NUMBER
International Standard Book Number 0833025295 (alk. paper)
040 ## - CATALOGING SOURCE
Transcribing agency Nust
082 00 - DEWEY DECIMAL CLASSIFICATION NUMBER
Classification number 358.4030973
245 00 - TITLE STATEMENT
Title Sources of conflict in the 21st century :
Remainder of title regional futures and U.S. strategy /
Statement of responsibility, etc. edited by Zalmay M. Khalilzad and Ian O. Lesser.
246 3# - VARYING FORM OF TITLE
Title proper/short title Sources of conflict in the twenty-first century
260 ## - PUBLICATION, DISTRIBUTION, ETC.
Place of publication, distribution, etc. Santa Monica, CA :
Name of publisher, distributor, etc. Rand,
Date of publication, distribution, etc. 1998.
300 ## - PHYSICAL DESCRIPTION
Extent xiii, 336 p. :
Other physical details ill., map ;
Dimensions 23 cm.
500 ## - GENERAL NOTE
General note "Prepared for the United States Air Force."
500 ## - GENERAL NOTE
General note Introduction (page-1) Overview of Future Security (page-7) Sources of Conflict in Asia (Page-43) Sources of Conflict in the Greater Middle (Page-171) Sources of Conflict in Europe and the Former Soviet Union (Page-231) Conclusion and Implication for the U.S. Air Force of 2025(Page-307)
538 ## - SYSTEM DETAILS NOTE
System details note Almirah No.54 Shelf No.5
650 #0 - SUBJECT ADDED ENTRY--TOPICAL TERM
Topical term or geographic name entry element Air defenses
Geographic subdivision United States.
650 #0 - SUBJECT ADDED ENTRY--TOPICAL TERM
Topical term or geographic name entry element World politics
Chronological subdivision 1989-
General subdivision Forecasting.
700 1# - ADDED ENTRY--PERSONAL NAME
Personal name Khalilzad, Zalmay.
700 1# - ADDED ENTRY--PERSONAL NAME
Personal name Lesser, Ian O.,
Dates associated with a name 1957-
710 1# - ADDED ENTRY--CORPORATE NAME
Corporate name or jurisdiction name as entry element Project Air Force (U.S.)
710 1# - ADDED ENTRY--CORPORATE NAME
Corporate name or jurisdiction name as entry element United States.
Subordinate unit Air Force.
856 41 - ELECTRONIC LOCATION AND ACCESS
Uniform Resource Identifier <a href="http://www.rand.org/publications/MR/MR897/">http://www.rand.org/publications/MR/MR897/</a>
942 ## - ADDED ENTRY ELEMENTS (KOHA)
Source of classification or shelving scheme
Koha item type Book
Holdings
Withdrawn status Lost status Source of classification or shelving scheme Damaged status Not for loan Collection code Permanent Location Current Location Date acquired Total Checkouts Full call number Barcode Date last seen Price effective from Koha item type
            Military College of Signals (MCS) Military College of Signals (MCS) 12/12/2016   358 SOU MCS27988 12/08/2016 12/12/2016 Book
            Military College of Signals (MCS) Military College of Signals (MCS) 12/12/2016   358 SOU MCS27989 12/08/2016 12/12/2016 Book
            Military College of Signals (MCS) Military College of Signals (MCS) 12/12/2016   358 SOU MCS27990 12/08/2016 12/12/2016 Book
            Military College of Signals (MCS) Military College of Signals (MCS) 12/12/2016   358 SOU MCS27991 12/08/2016 12/12/2016 Book
© 2023 Central Library, National University of Sciences and Technology. All Rights Reserved.